Contemporary advertising

Saved in:
Bibliographic Details
Main Author: William F. Arens
Format: Book
Language:Undetermined
Published: Chicago Irwin 1996
Subjects:
Tags: Add Tag
No Tags, Be the first to tag this record!
Institutions: Trung tâm Học liệu Trường Đại học Cần Thơ
LEADER 00464nam a2200181Ia 4500
001 CTU_43940
008 210402s9999 xx 000 0 und d
082 |a 659.1 
082 |b A681 
100 |a William F. Arens 
245 0 |a Contemporary advertising 
245 0 |c William F. Arens 
260 |a Chicago 
260 |b Irwin 
260 |c 1996 
650 |a Advertising 
904 |i Minh, Mỹ Xuyên 
980 |a Trung tâm Học liệu Trường Đại học Cần Thơ